000 01220cam a2200313 i 4500
001 51330
003 Mx-PuUPA
005 20250423140735.0
008 140415s2008 mx grl 000 0 spa d
020 _a9789706653109
040 _aMx-PuUPA
_bspa
_cMx-PuUPA
_dMx-PuUPA
_erda
041 0 _aspa
110 2 _aInstituto Mexicano de Contadores Públicos,
_eautor
_92424
245 1 0 _aNormas y procedimientos de auditoría y normas para atestiguar :
_bversión estudiantil /
_cInstituto Mexicano de Contadores Públicos
250 _aVigésima octava edición /
_bfebrero
264 1 _aMéxico, D. F. :
_bInstituto Mexicano de Contadores Públicos,
_c2008
300 _a931 páginas ;
_c17 cm
336 _2rdacontent
_atexto
_btxt
337 _2rdamedia
_asin medio
_bn
338 _2rdacarrier
_avolumen
_bnc
490 0 _aColección Auditoría
650 7 _aAuditoría
_2armarc
_vNormas
650 7 _aAuditoría
_2armarc
_xEstudio y enseñanza
710 2 _aComisión de Normas y Procedimientos de Auditoría,
_ecolaborador
942 _2ddc
_cLI
_h657.450218
_iN834
999 _c51330
_d51330